Statistics for Friends characters

Click here to take the quiz!

General Stats

  • This quiz has been taken 140 times
  • The average score is 12 of 14

Answer Stats

Hint Answer % Correct
He had three marriagesRoss Geller
99%
He is an actorJoey Tribbiani
99%
Has a twin sisterPhoebe Buffay
97%
Likes to cookMonica Geller
97%
Works at Ralf LaurenRachel Green
97%
Serves coffee at 'Central Perk'Gunther
90%
His father is gayChandler Bing
90%
Oh-My-GodJanice
83%
Ross' little sonBen Geller
82%
Phoebe's twin sisterUrsula Buffay
78%
Tom SelleckDr. Richard Burke
77%
She is Joey's agentEstelle Leonard
77%
Phoebe's brotherFrank Buffay Jr.
73%
You can see his appartmenr from Monica'sUgly Naked Guy
71%

Score Distribution

Percentile by Number Answered

Percent of People with Each Score

Your Score History

You have not taken this quiz